LEADER 01033nam a2200265 i 4500 001 000000174864 003 CaOOAMICUS 005 20220520124535.0 008 081010s2008 it u000 u ita u 013 $a152341 020 $a978-88-04-57311-1 040 $aSeMil$bita 245 00$aPoeti siculo-toscani /$cedizione critica con commento diretta da Rosario Coluccia. 264 1$aMilano :$bMondadori,$c2008. 300 $aCLXXXIV, 1253 p. ;$c18 cm. 500 $aIn custodia. 700 1 $aColuccia, Rosario.$0(OLS)http://semarc/name/65247 773 0 $tPoeti della scuola siciliana.$dMilano : Mondadori, 2008.$kMeridiani$g3$w()15325 850 $aSeMil 852 $aSeMil$W1$xVenegono$y1$m1B I 185$j235762$B125692$CSeMilBibl$Z2$F139411 $81 961 $aAcquisto: Einaudi (Agente) 996 $6020$a978-88-04-57311-1$9(OLS)http://semarc/number/162897 996 $6245$aPoeti siculo-toscani$9(OLS)http://semarc/title/250705 996 $6264$aMilano :$bMondadori$9(OLS)http://semarc/publisher/30335 LEADER 01324nam a2200265 i 4500 001 000000186633 003 CaOOAMICUS 005 20100303000000.0 008 100303s1968 it u000 u ita u 013 $a164687 040 $aSeMil$bita 100 1 $aTramontin, Silvio,$d<1919-1997>.$0(OLS)http://semarc/name/9362 245 13$aLa figura e l'opera sociale di Luigi Cerutti. Aspetti e momenti del movimento cattolico nel Veneto /$cSilvio Tramontin ; prefazione del card. G. Urbani. 260 $aBrescia :$bMorcelliana,$c1968. 300 $a286 p. ;$c23 cm. 490 0 $aBiblioteca di storia contemporanea 500 $aContiene : Nota bibliografica ; Appendice. 600 14$aCerutti, Luigi .$0(OLS)http://semarc/subject/31183 650 4$aMovimento cattolico - Italia.$0(OLS)http://semarc/subject/2567 700 1 $aUrbani, Giovanni .$0(OLS)http://semarc/name/20554 830 0$aBiblioteca di storia contemporanea.$0(OLS)http://semarc/title/374 850 $aSeMil 852 $aSeMil$W1$xVenegono$y1$m3E V 258$j137320$B137320$CSeMilBibl$Z2$F148831 $81 996 $6245$aLa figura e l'opera sociale di Luigi Cerutti. Aspetti e momenti del movimento cattolico nel Veneto$9(OLS)http://semarc/title/268358 996 $6260$aBrescia :$bMorcelliana$9(OLS)http://semarc/publisher/29629